Normal view MARC view
  • PHARMA

Entry Topical Term

Number of records used in: 1

001 - CONTROL NUMBER

  • control field: 5246

003 - CONTROL NUMBER IDENTIFIER

  • control field: OSt

005 - DATE AND TIME OF LATEST TRANSACTION

  • control field: 20200317124238.0

008 - FIXED-LENGTH DATA ELEMENTS

  • fixed length control field: 200317|| aca||aabn | a|a d

040 ## - CATALOGING SOURCE

  • Original cataloging agency: OSt
  • Transcribing agency: OSt

150 ## - HEADING--TOPICAL TERM

  • Topical term or geographic name as entry element: PHARMA

670 ## - SOURCE DATA FOUND

  • Source citation: Work cat.: (OSt): NEMA, RAJESH KUMAR 5245, PHARMACEUTICAL ENGGINEERING DRAWING FOR B. PHARMA STUDENT, 2019